NLSUI OPAC header image

Whistling in the dark : (Record no. 115244)

MARC details
000 -LEADER
fixed length control field 01024cam a2200205 a 4500
005 - DATE AND TIME OF LATEST TRANSACTION
control field 20260429090637.0
008 - FIXED-LENGTH DATA ELEMENTS--GENERAL INFORMATION
fixed length control field 081121s2009 cau b 000 0 eng
020 ## - INTERNATIONAL STANDARD BOOK NUMBER
International Standard Book Number 9788178299211 (pbk.)
082 00 - DEWEY DECIMAL CLASSIFICATION NUMBER
Classification number 306.766095 RAO
100 ## - MAIN ENTRY--PERSONAL NAME
Personal name Rao. R. Raj
245 00 - TITLE STATEMENT
Title Whistling in the dark :
Remainder of title twenty-one queer interviews /
Statement of responsibility, etc. edited by R. Raj Rao, Dibyajyoti Sarma.
260 ## - PUBLICATION, DISTRIBUTION, ETC.
Place of publication, distribution, etc. Thousand Oaks :
Name of publisher, distributor, etc. Sage Publications,
Date of publication, distribution, etc. 2009.
300 ## - PHYSICAL DESCRIPTION
Extent xxxiii, 264 p. ;
Dimensions 23 cm.
505 0# - Contents
Contents Hoshang Merchant -- Sushil Patil -- Manish Pawar -- Kama Maureemootoo -- Christopher Benninger & Ram Naidu -- Satish Ranadive -- Mahohar Shitole -- Thomas Waugh -- Narendra Binner -- Arman Pasha -- Aslam Shaikh -- Ana Garcia-Arroyo -- Avinash Gaitonde -- Ankit Gupta -- Ganesh Holay -- Raja Chandraratne -- Darius Ankleshwaria -- Dilip Sheth -- Shivji Panikkar -- Mohammad Soltani -- Bindumadhav Khire.
650 #0 - SUBJECT ADDED ENTRY--TOPICAL TERM
Topical term or geographic name entry element Homosexuality.
650 #0 - SUBJECT ADDED ENTRY--TOPICAL TERM
Topical term or geographic name entry element Gay people
Form subdivision Interviews.
700 1# - ADDED ENTRY--PERSONAL NAME
Personal name Raj Rao, R.
700 1# - ADDED ENTRY--PERSONAL NAME
Personal name Sarma, Dibyajyoti.
942 ## - ADDED ENTRY ELEMENTS (KOHA)
Source of classification or shelving scheme Dewey Decimal Classification
Koha item type BOOKs
Holdings
Withdrawn status Lost status Source of classification or shelving scheme Materials specified (bound volume or other part) Damaged status Not for loan Home library Current library Shelving location Date acquired Source of acquisition Cost, normal purchase price Total Checkouts Full call number Barcode Date last seen Price effective from Koha item type
    Dewey Decimal Classification PB     NLS NLS   19/08/2018 Purchased 550.00   306.766095 RAO 36654 19/08/2019 19/08/2019 BOOKs